Lifestyle of the termite queen /

Worker termites attend to the queen who can produce 30,000 eggs in one day and 164,250,000 eggs over the 15-year course of her lifetime.

Bibliographic Details
Other Authors: Evans, Dan (Producer)
Format: Video
Language:English
Language Notes:In English.
Published: Washington, D.C. : National Geographic, [2015]
Subjects:
Online Access:Connect to this streaming video (Alexander Street Press)

MARC

Tag First Indicator Second Indicator Subfields
LEADER 00000cgm a2200000Mi 4500
001 in00005569713
006 m o c
007 cr |n||||||||a
007 vz |za|z|
008 170720s2015 dcu002 e o vueng d
005 20241201231853.6
035 |a (OCoLC)on1000270649 
040 |a ALSTP  |b eng  |e rda  |e pn  |c ALSTP  |d OCLCO  |d OCLCQ  |d CAUOI  |d OCLCF  |d WYU  |d S9I  |d UPM  |d OCLCO 
035 |a (OCoLC)1000270649 
049 |a TXAM 
245 0 0 |a Lifestyle of the termite queen /  |c producer: Dan Evans. 
246 3 |a Animals :  |b termite queen 
264 1 |a Washington, D.C. :  |b National Geographic,  |c [2015] 
300 |a 1 online resource (2 min.) 
306 |a 000212 
336 |a two-dimensional moving image  |b tdi  |2 rdacontent 
337 |a video  |b v  |2 rdamedia 
337 |a computer  |b c  |2 rdamedia 
338 |a other  |b vz  |2 rdacarrier 
338 |a online resource  |b cr  |2 rdacarrier 
344 |a digital  |2 rda 
347 |a data file  |2 rda 
380 |a Videorecording 
500 |a Title from resource description page (viewed July 20, 2017). 
520 |a Worker termites attend to the queen who can produce 30,000 eggs in one day and 164,250,000 eggs over the 15-year course of her lifetime. 
546 |a In English. 
650 0 |a Termites. 
650 0 |a Termites  |x Reproduction. 
650 2 |a Isoptera 
650 6 |a Termites. 
650 6 |a Termites  |x Reproduction. 
650 7 |a Termites.  |2 fast  |0 (OCoLC)fst01147923 
655 2 |a Documentaries and Factual Films 
655 7 |a Documentary films.  |2 fast  |0 (OCoLC)fst01710390 
655 7 |a Documentary films.  |2 lcgft 
655 7 |a Documentaires.  |2 rvmgf 
700 1 |a Evans, Dan,  |e producer. 
710 2 |a National Geographic Television & Film,  |e production company. 
856 4 0 |u http://proxy.library.tamu.edu/login?url=https://www.aspresolver.com/aspresolver.asp?MARC;3226949  |z Connect to this streaming video (Alexander Street Press)  |t 0 
955 |a Alexander Street Press subscription streaming video 
994 |a 92  |b TXA 
999 f f |s f1d88b48-693b-4054-a711-3f9d29dc3f80  |i ca8af62f-1e57-4074-9d77-0e67e248ac1c  |t 0 
952 f f |a Texas A&M University  |b College Station  |c Electronic Resources  |d Available Online  |t 0  |h Library of Congress classification 
998 f f |t 0  |l Available Online